Regulačné diagramy pri implementácii metódy Six Sigma (Control Charts at implementation method Six Sigma) [CD-ROM] : Bakalárka práca

Salvato in:
Dettagli Bibliografici
Autore principale: Tichý, Peter, 1986- (Autore)
Altri autori: Janiga, Ivan, 1948- (xxx), Terek, Milan (Opponente)
Natura: Manoscritto Libro
Lingua:slovacco
Pubblicazione: Bratislava : STU v Bratislave SjF, 2008
Edizione:1.vyd.
Soggetti:
Tags: Aggiungi Tag
Nessun Tag, puoi essere il primo ad aggiungerne!!

MARC

LEADER 00000ntm a22000003a 4500
001 stu177247
005 20150617230043.5
008 081215s2008----xo------------------slo-d
040 |a STU  |b slo 
041 0 |a slo 
044 |a xo 
100 1 |a Tichý, Peter,  |d 1986-  |4 aut  |u J0070  |9 100  |U SjF Strojnícka fakulta  |T SjF Ústav výrobných systémov, enviromentálnej techniky a manažment kvality  |X 40774  |U J0070  |Y 804  |7 A000040774 
245 1 |a Regulačné diagramy pri implementácii metódy Six Sigma (Control Charts at implementation method Six Sigma) [CD-ROM] :  |b Bakalárka práca 
250 |a 1.vyd. 
260 |a Bratislava :  |b STU v Bratislave SjF,  |c 2008 
300 |a 48 s 
650 7 |a regulačné diagramy  |2 stusub 
650 7 |a kvalita  |2 stusub 
650 7 |a control charts  |2 estusub 
650 7 |a quality  |2 estusub 
700 1 |a Janiga, Ivan,  |d 1948-  |4 xxx  |u J0080  |U SjF Strojnícka fakulta  |T SjF Ústav matematiky a fyziky  |X 2395  |U J0080  |Y 808  |7 A000002395 
700 1 |a Terek, Milan  |4 opn 
996 |b 284J035095  |c J*95/BP  |l JJSK  |s A  |a 24  |w stu177247_0001